00646nam a22001817a 4500003000400000005001700004008004100021040002500062100003500087245009100122260004700213300002100260504002600281590002700307942001400334952009900348999001700447OSt20201106102833.0201106b ||||| |||| 00| 0 eng d aDO-SdBNPbspacBNPHU1 aFlores Ortíz, Osvaldo97719510aCompendio de tablas y fórmulas de matemáticas financieras /cOsvaldo Flores Ortiz. a[República Dominicana?] : bs. n., c19- a88 p. ;c21 cm.  aBibliografía: p. 88 aInventariado, 2020 /LP 2ddccLBS1 00102ddc51718MOaBNPHUbPDcCTd2020-11-06eManuel Ortiz l0r2020-11-06w2020-11-06yLBS1 c49104d49104